The privatization of everything. How the plunder of public goods transformed America and how we can fight back. By Donald Cohen, Allen Mikaelian, New York: New press. 2021. pp. 349. $22.10 (hard cover). ISBN: 978-1-62097-653-1 (Record no. 526613)

000 -LEADER
fixed length control field 00657nam a22001457a 4500
008 - FIXED-LENGTH DATA ELEMENTS--GENERAL INFORMATION
fixed length control field 240613b ||||| |||| 00| 0 eng d
100 ## - MAIN ENTRY--PERSONAL NAME
Personal name Mingus, Matthew S.
245 ## - TITLE STATEMENT
Title The privatization of everything. How the plunder of public goods transformed America and how we can fight back. By Donald Cohen, Allen Mikaelian, New York: New press. 2021. pp. 349. $22.10 (hard cover). ISBN: 978-1-62097-653-1
260 ## - PUBLICATION, DISTRIBUTION, ETC. (IMPRINT)
Place of publication, distribution, etc Public Administration Review
300 ## - PHYSICAL DESCRIPTION
Extent 84(2), Mar-Apr, 2024: p.375-376
520 ## - SUMMARY, ETC.
Summary, etc https://onlinelibrary.wiley.com/doi/10.1111/puar.13804
773 ## - HOST ITEM ENTRY
Main entry heading Public Administration Review
906 ## - LOCAL DATA ELEMENT F, LDF (RLIN)
Subject DIP BOOK REVIEW
942 ## - ADDED ENTRY ELEMENTS (KOHA)
Item type Articles
Holdings
Withdrawn status Lost status Source of classification or shelving scheme Damaged status Not for loan Permanent location Current location Date acquired Serial Enumeration / chronology Barcode Date last seen Koha item type
          Indian Institute of Public Administration Indian Institute of Public Administration 2024-06-13 84(2), Mar-Apr, 2024: p.375-376 AR132250 2024-06-13 Articles

Powered by Koha